| 000 | 00533nam a22001697a 4500 | ||
|---|---|---|---|
| 005 | 20251108164046.0 | ||
| 008 | 250721s1998 xx 000 0 ara d | ||
| 082 | 1 | 4 | _a323.2/بيط |
| 100 | 1 | _aالبيطار، نديم | |
| 245 | 1 | 0 | _aالتجربة الثورية بين المثال و الواقع / |
| 264 | 1 |
_aالرباط : _bالمجلس القومي للثقافة، _c1998. |
|
| 300 | _a198ص | ||
| 490 | 0 | _aسلسلة ثقافتنا القومية ؛ 2 | |
| 650 | 1 | 7 | _aالثورات |
| 942 |
_2ddc _cBK |
||
| 999 |
_c2570 _d2570 |
||